Planificación, prospectiva y gestión pública: reflexiones para la agenda de desarrollo
Đã lưu trong:
| Những tác giả chính: | , |
|---|---|
| Định dạng: | Sách |
| Ngôn ngữ: | Tiếng Tây Ban Nha |
| Được phát hành: |
Santiago
CEPAL
2014
|
| Phiên bản: | 1a. ed |
| Loạt: | Libros de la CEPAL, 126
|
| Những chủ đề: | |
| Các nhãn: |
Thêm thẻ
Không có thẻ, Là người đầu tiên thẻ bản ghi này!
|
MARC
| LEADER | 00000cam a2200000 a 4500 | ||
|---|---|---|---|
| 001 | UCE4540 | ||
| 003 | CL-VaPUC | ||
| 008 | 141030e20140500cl |||||||||||||||||spa|d | ||
| 020 | |a 9789211218312 | ||
| 082 | 0 | 4 | |a 338.98 |b MAT |2 21 |
| 100 | |a Máttar, Jorge |e autor |9 597042 | ||
| 700 | 0 | |a Perrotti, Daniel E |e author |9 577097 | |
| 245 | 1 | 0 | |a Planificación, prospectiva y gestión pública: reflexiones para la agenda de desarrollo |
| 250 | |a 1a. ed | ||
| 300 | |a 243 p | ||
| 942 | |c BK | ||
| 945 | |d 20141030 14:13:00 |a dcastane | ||
| 260 | |a Santiago |b CEPAL |c 2014 | ||
| 650 | 7 | |a DESARROLLO ECONOMICO INTERNACIONAL |2 CL-VaPUC |9 460154 | |
| 650 | 0 | |a Integración económica |9 255024 | |
| 650 | 0 | |a Globalización |9 361930 | |
| 650 | 0 | |a Tratados internacionales |9 256056 | |
| 583 | |a last modification |c 20141030 14:13:00 |k Rodrigo Vera | ||
| 490 | 0 | |a Libros de la CEPAL, 126 | |
| 999 | |c 357452 |d 357450 | ||
| 952 | |0 0 |1 0 |3 erb |4 0 |6 338_980000000000000_MAT_2014 |7 0 |8 A |9 465451 |a BIBGIM |b BIBGIM |i 5122171 |o 338.98 MAT 2014 |p 5122171 |r 2025-01-15 |w 2019-11-23 |y BK |z Catalogado en:20141030 |k COM | ||